000 00462nam a2200181Ia 4500
001 17748
005 20260306171540.0
008 260306s9999||||xx |||||||||||||| ||und||
041 _aESP
082 _a658.15
_bV66
100 _aVillacorta Cavero, Armando
_eAUT
245 0 _aProductos y servicios financieros:
_boperaciones bancarias
260 _c2006
300 _a703 páginas :
_c25 cm.
650 _aGEN
654 _aCAN
942 _cLIB
_dJUS
_fJUS
_2ddc
_n
999 _c17748
_d17748